000 00369 a2200133 4500
001 91388
082 _aPR 1293
090 _c43512
_d43511
100 _aMir Faraz ; Prof Izhar Kazmi (Advisor)
245 _aTo Study the Prosity Effect on Cd Value of Grag Chutes
_n49 "A" EC
260 _aKarachi
_bNED University
_c1998
300 _a32p
500 _aBE Project Reports
942 _aCAE NUST
_kPR 1293
999 _c326461
_d326461